000 00634nam a2200277Ia 4500
005 20260324122737.0
008 008 260324s9999 xx 000 0 eng d
020 _a9780203100233
037 _aEBOOK
040 _aCRL
040 _beng
040 _cCRL
041 _2eng
041 _aeng
084 _qCRL
100 _aMichele Ford
_91167640
245 0 _aSocial Activism in Southeast Asia
260 _bTaylor and Francis
260 _c2012
365 _a
365 _b240
856 _uhttp://www.taylorfrancis.com/books/9780203100233
942 _cEBOOK
999 _c1760612
_d1760612